[Event "SWE-chB"]
[Site "Ronneby"]
[Date "2018.07.01"]
[Round "2"]
[White "Logdahl, Harald"]
[Black "Landgren, Andreas"]
[Result "1/2-1/2"]
[WhiteElo "2249"]
[BlackElo "2278"]
[PlyCount "112"]
[EventDate "2018.06.30"]
[EventType "tourn"]
[EventRounds "9"]
[EventCountry "SWE"]
[EventCategory "3"]
[SourceTitle "CBM 185 Extra"]
[Source "ChessBase"]
[SourceDate "2018.07.29"]
[SourceVersion "1"]
[SourceVersionDate "2018.07.29"]
[SourceQuality "1"]
1. e4 c5 2. Nc3 Nc6 3. g3 g6 4. Bg2 Bg7 5. d3 d6 6. Nge2 e5 7. O-O Nge7 8. Be3
O-O 9. Qd2 Nd4 10. a3 Bg4 11. f3 Be6 12. f4 Qd7 13. Rf2 Rac8 14. Raf1 b5 15. f5
gxf5 16. Bh6 f6 17. Bxg7 Kxg7 18. Nd5 Nxe2+ 19. Qxe2 f4 20. Nxe7 Qxe7 21. gxf4
Kh8 22. Qh5 Qg7 23. fxe5 fxe5 24. Rxf8+ Rxf8 25. Rxf8+ Qxf8 26. Qg5 Qf4 27.
Qxf4 exf4 28. Kf2 Bg4 29. Bf3 Be6 30. Bd1 Bf7 31. Bg4 Ba2 32. c3 Bb1 33. Be2 c4
34. dxc4 bxc4 35. Kf3 Bd3 36. Bd1 Kg7 37. Kxf4 Kf6 38. b4 cxb3 39. Bxb3 Bb1 40.
Bg8 h6 41. Bd5 Bc2 42. c4 a5 43. h3 Bd3 44. h4 Bc2 45. Bc6 Bd3 46. Bb5 Bc2 47.
Ba6 Bb3 48. Bb5 Bc2 49. Bc6 Bd3 50. Bd5 Bc2 51. Bb7 Bd3 52. Ba6 Bc2 53. Bb5 Bb3
54. Ba6 Bc2 55. Bb5 Bb3 56. Ba6 Bc2 1/2-1/2

[Event "SWE-ch U20"]
[Site "Ronneby"]
[Date "2018.07.01"]
[Round "2"]
[White "Carlsson, Ludvig"]
[Black "Sundin, Emanuel"]
[Result "0-1"]
[WhiteElo "2179"]
[BlackElo "2167"]
[PlyCount "92"]
[EventDate "2018.06.30"]
[EventType "tourn"]
[EventRounds "9"]
[EventCountry "SWE"]
[SourceTitle "CBM 185 Extra"]
[Source "ChessBase"]
[SourceDate "2018.07.29"]
[SourceVersion "1"]
[SourceVersionDate "2018.07.29"]
[SourceQuality "1"]
1. d4 Nf6 2. c4 e5 3. dxe5 Ng4 4. Bf4 Nc6 5. Nf3 Bb4+ 6. Nbd2 Qe7 7. a3 Ngxe5
8. Nxe5 Nxe5 9. e3 Bc5 10. b4 Bd4 11. Rb1 d6 12. Be2 Bf5 13. Rb3 Ng6 14. Bxd6
cxd6 15. exd4 Nf4 16. g3 Bc2 17. gxf4 Bxd1 18. Re3 Bxe2 19. Kxe2 Kd7 20. Rxe7+
Kxe7 21. Kd3 Rhe8 22. Nf1 Kd7 23. Ne3 Re6 24. Rg1 Rg6 25. Rg3 a6 26. f5 Rxg3
27. hxg3 h5 28. c5 h4 29. gxh4 Rh8 30. Ng2 Kc6 31. a4 dxc5 32. dxc5 a5 33. bxa5
Kxc5 34. Ke4 Re8+ 35. Kf4 Kb4 36. Kg5 Kxa5 37. h5 Kxa4 38. f4 b5 39. f6 gxf6+
40. Kxf6 Rh8 41. Kxf7 Rxh5 42. Kg6 Rh3 43. Ne1 b4 44. f5 b3 45. Kg5 b2 46. Kg4
Rh1 0-1

[Event "SWE-ch U20"]
[Site "Ronneby"]
[Date "2018.07.01"]
[Round "2"]
[White "Kucuksari, Kaan"]
[Black "Storme, Isak"]
[Result "1/2-1/2"]
[WhiteElo "2296"]
[BlackElo "2277"]
[PlyCount "124"]
[EventDate "2018.06.30"]
[EventType "tourn"]
[EventRounds "9"]
[EventCountry "SWE"]
[SourceTitle "CBM 185 Extra"]
[Source "ChessBase"]
[SourceDate "2018.07.29"]
[SourceVersion "1"]
[SourceVersionDate "2018.07.29"]
[SourceQuality "1"]
1. d4 Nf6 2. Nf3 e6 3. c4 d5 4. g3 Be7 5. Bg2 O-O 6. Nbd2 c5 7. cxd5 exd5 8.
dxc5 Bxc5 9. Nb3 Bb6 10. O-O Nc6 11. Nbd4 Ne4 12. Be3 Bg4 13. Rc1 Rc8 14. Nxc6
Rxc6 15. Rxc6 bxc6 16. Ne5 Bxe3 17. Nxg4 Bb6 18. Bxe4 dxe4 19. Ne5 Bxf2+ 20.
Kg2 e3 21. Qxd8 Rxd8 22. Rb1 Rd6 23. Nd3 Rf6 24. Rc1 h5 25. Rc5 h4 26. g4 Rd6
27. Rc4 h3+ 28. Kf3 Bg1 29. Kg3 Bf2+ 30. Nxf2 exf2 31. Kxf2 Rd2 32. Rxc6 Rxb2
33. Ra6 Rb7 34. Kg3 Re7 35. Kf2 Re4 36. Kf3 Re7 37. Kf2 Re4 38. Kf3 Re7 39. Ra3
Kh7 40. e3 Kg6 41. Kg3 f5 42. Kxh3 Kg5 43. gxf5 Kxf5 44. Kg3 Ke4 45. Kf2 g5 46.
Ra4+ Kf5 47. Kf3 Rh7 48. Ra5+ Kf6 49. Ra6+ Ke5 50. Ra5+ Kf6 51. a4 Rxh2 52.
Rxa7 Ra2 53. Ke4 g4 54. Kf4 Ra3 55. a5 g3 56. Kxg3 Rxe3+ 57. Kf4 Ra3 58. Ke4
Ke6 59. Kd4 Kd6 60. Kc4 Kc6 61. Kb4 Ra1 62. Ra6+ Kb7 1/2-1/2

[Event "SWE-ch"]
[Site "Ronneby"]
[Date "2018.06.30"]
[Round "1"]
[White "Grandelius, Nils"]
[Black "Blomqvist, Erik"]
[Result "1-0"]
[WhiteElo "2668"]
[BlackElo "2505"]
[PlyCount "67"]
[EventDate "2018.06.30"]
[EventType "tourn"]
[EventRounds "9"]
[EventCountry "SWE"]
[EventCategory "10"]
[SourceTitle "CBM 185 Extra"]
[Source "ChessBase"]
[SourceDate "2018.07.29"]
[SourceVersion "1"]
[SourceVersionDate "2018.07.29"]
[SourceQuality "1"]
1. e4 c5 2. Nf3 Nc6 3. Bb5 g6 4. Bxc6 dxc6 5. d3 Bg7 6. h3 Nh6 7. Nc3 f6 8. Be3
b6 9. a3 e5 10. b4 cxb4 11. axb4 Nf7 12. O-O O-O 13. Ra4 f5 14. exf5 gxf5 15.
Bd2 Bb7 16. Re1 Qd7 17. Nh4 Nd6 18. Qh5 Qf7 19. Qxf7+ Rxf7 20. Nf3 Re7 21. Ne2
e4 22. Ng3 Ree8 23. Nh4 exd3 24. Rxe8+ Rxe8 25. cxd3 a6 26. Be3 Re5 27. Bxb6 f4
28. Nf1 Re1 29. Ra2 Nb5 30. Nf3 Rb1 31. Re2 Bf8 32. Re8 Nd6 33. Rb8 a5 34. Bc5
1-0

[Event "SWE-ch U20"]
[Site "Ronneby"]
[Date "2018.06.30"]
[Round "1"]
[White "Carlsson, Ludvig"]
[Black "Pantzar, Milton"]
[Result "0-1"]
[WhiteElo "2179"]
[BlackElo "2333"]
[PlyCount "40"]
[EventDate "2018.06.30"]
[EventType "tourn"]
[EventRounds "9"]
[EventCountry "SWE"]
[SourceTitle "CBM 185 Extra"]
[Source "ChessBase"]
[SourceDate "2018.07.29"]
[SourceVersion "1"]
[SourceVersionDate "2018.07.29"]
[SourceQuality "1"]
1. e4 e5 2. Nf3 Nc6 3. Bb5 g6 4. Nc3 Bg7 5. d4 Nxd4 6. Bc4 Ne7 7. Ng5 O-O 8. h4
c6 9. h5 d5 10. Bd3 h6 11. exd5 cxd5 12. hxg6 fxg6 13. Nh7 Kxh7 14. Bxh6 Bxh6
15. Qh5 Nef5 16. Qh2 e4 17. Ne2 Qg5 18. Nxd4 Qd2+ 19. Kf1 Ne3+ 20. Kg1 Qxf2#
0-1